| 000 | 00790nam a2200253 a 4500 | ||
|---|---|---|---|
| 008 | |||
| 020 | _a0340683716 (pbk.) | ||
| 090 |
_aLB1025 _bSCO |
||
| 100 | 1 | _aScott-Baumann, Alison. | |
| 245 | 1 | 0 |
_aBecoming a secondary school teacher / _cAlison Scott Baumann, Alan Bloomfield and Linda Roughton. |
| 260 |
_aLondon. : _bHodder Arnold, _c1997. |
||
| 300 |
_aviii, 388 p. : _bill. ; _c27 cm. |
||
| 504 | _aIncludes bibliographical references. | ||
| 500 | _aIncludes index. | ||
| 650 | 1 |
_aHigh school teaching _y1997 _zUK. |
|
| 700 | _aRoughton, Linda. | ||
| 700 | _aBloofield, Alan. | ||
| 907 |
_a.b10271806 _b02-12-09 _c19-11-09 |
||
| 003 | |||
| 005 | 20230123125003.0 | ||
| 040 | _cNUST | ||
| 049 | _aMAIN | ||
| 942 |
_cBOOKS _kLB1025 _mSCO |
||
| 999 |
_c133730 _d133730 |
||